000 00621nam a22002057a 4500
003 OSt
005 20251121085838.0
008 251120b |||||||| |||| 00| 0 eng d
020 _a0-538-60600-2.
040 _aDWCL-Main lib
_cOC
082 _25th ed.
_aCirc. 657 S972 1992
100 _aRobert M. Swanson
245 _aCentury 21 accounting 5th ed./
_cRobert M. Swanson
260 _aSingapore :
_bInternational Thomson Publishing,
_cc1992.
300 _avarious paging :
_bill. ;
_c21 cm.
650 _aAccounting.
700 _aKenton E. Ross
700 _aRobertT D. Hanson
942 _2ddc
_cBK-CIRC
_e5th ed.
_kCirc
_n0
999 _c5924
_d5924